000 01083nam a2200217Ia 4500
003 Ost
005 20260507075049.0
008 260507s9999||||xx |||||||||||||| ||und||
020 _a9775723205
040 _cfsecg
041 _aara
082 _a330
100 _aأبو بكر، فاتن أحمد
_eمؤلف
245 0 _aنظم الادارة المفتوحة :
_bمنهج حديث لتحقيق شفافية المنظمات /
_c فاتن أحمد أبو بكر
260 _aالقاهرة:
_bإيتراك للنشر والتوزيع,
_c2001
300 _a208 صفحة؛
_bإيضاحات ؛
_c24 سم
504 _aببليوغرافيا: ص.200
520 _aتطور الفكر الاداري-مفهوم وأبعاد منهج الإدارة الحكومية المفتوحة-تطبيق منهج الإدارة المفتوحة في المنظمات الحكومية-الترتيبات اللازمة لتطبيق منهج الإدارة المفتوحة في المنظمات المصرية والعربية
653 _aالإدارة العامة
942 _cكتاب
999 _c42614
_d42614